Learning Resource and Development

Python real-world projects : (Record no. 32017)

MARC details
000 -LEADER
fixed length control field 02964nam a2200313 i 4500
003 - CONTROL NUMBER IDENTIFIER
control field CSPC
005 - DATE AND TIME OF LATEST TRANSACTION
control field 20260311085723.0
008 - FIXED-LENGTH DATA ELEMENTS--GENERAL INFORMATION
fixed length control field 260310s2023 uk 001 0 eng d
020 ## - INTERNATIONAL STANDARD BOOK NUMBER
International Standard Book Number 9781803246765
040 ## - CATALOGING SOURCE
Original cataloging agency CSPC
Language of cataloging eng
Transcribing agency CSPC
Description conventions rda
050 #4 - LIBRARY OF CONGRESS CALL NUMBER
Classification number QA76.6
Item number .L688 2023
082 04 - DEWEY DECIMAL CLASSIFICATION NUMBER
Classification number 005.133
Item number L916p
100 1# - MAIN ENTRY--PERSONAL NAME
Personal name Lott, Steven F.,
Relator term author.
245 10 - TITLE STATEMENT
Title Python real-world projects :
Remainder of title craft your python portfolio with deployable applications /
Statement of responsibility, etc. Steven F. Lott.
250 ## - EDITION STATEMENT
Edition statement 1st edition.
264 #1 - PRODUCTION, PUBLICATION, DISTRIBUTION, MANUFACTURE, AND COPYRIGHT NOTICE
Place of production, publication, distribution, manufacture Birmingham, United Kingdom :
Name of producer, publisher, distributor, manufacturer Packt Publishing,
Date of production, publication, distribution, manufacture, or copyright notice 2023.
300 ## - PHYSICAL DESCRIPTION
Extent xxviii, 449 pages ;
Dimensions 24 cm.
336 ## - CONTENT TYPE
Source rdacontent
Content type term text
337 ## - MEDIA TYPE
Source rdamedia
Media type term unmediated
338 ## - CARRIER TYPE
Source rdacarrier
Carrier type term volume
500 ## - GENERAL NOTE
General note Includes index.
505 0# - FORMATTED CONTENTS NOTE
Formatted contents note Project zero: a template for other projects -- Overview of the projects -- Project1.1: data acquisition base application -- Data acquisition features: web APIS and scraping -- Data acquisition features: SQL database -- Project 2.1: data inspection notebook -- Data inspection features -- Project 2.5: schema and metadata -- Project 3.1: data cleaning base application -- Data cleaning features -- Project 3.7: interim data persistence -- Project 3.8: integrated data acquisition web service -- Project 4.1: visual analysis techniques -- Project 4.2: creating reports -- Project 5.1: modeling base application -- Project 5.2: simple multivariate statistics -- Next steps.
520 ## - SUMMARY, ETC.
Summary, etc. "In today's competitive job market, a project portfolio often outshines a traditional resume. Python Real-World Projects empowers you to get to grips with crucial Python concepts while building complete modules and applications. With two dozen meticulously designed projects to explore, this book will help you showcase your Python mastery and refine your skills. Tailored for beginners with a foundational understanding of class definitions, module creation, and Python's inherent data structures, this book is your gateway to programming excellence. You’ll learn how to harness the potential of the standard library and key external projects like JupyterLab, Pydantic, pytest, and requests. You’ll also gain experience with enterprise-oriented methodologies, including unit and acceptance testing, and an agile development approach. Additionally, you’ll dive into the software development lifecycle, starting with a minimum viable product and seamlessly expanding it to add innovative features. By the end of this book, you’ll be armed with a myriad of practical Python projects and all set to accelerate your career as a Python programmer"-- Publisher description.
650 #0 - SUBJECT ADDED ENTRY--TOPICAL TERM
Topical term or geographic name entry element Python (Computer program language)
General subdivision Study guides.
650 #0 - SUBJECT ADDED ENTRY--TOPICAL TERM
Topical term or geographic name entry element Computer programming
General subdivision Study guides.
650 #0 - SUBJECT ADDED ENTRY--TOPICAL TERM
Topical term or geographic name entry element Application software
General subdivision Development.
942 ## - ADDED ENTRY ELEMENTS (KOHA)
Source of classification or shelving scheme Dewey Decimal Classification
Suppress in OPAC No
Koha item type Books
Classification part 005.133
Item part L916p
Call number prefix CIR
Call number suffix 2023
Holdings
Withdrawn status Lost status Source of classification or shelving scheme Damaged status Not for loan Home library Current library Shelving location Date acquired Total Checkouts Full call number Barcode Date last seen Copy number Price effective from Koha item type
    Dewey Decimal Classification     Main Library Main Library Circulation Section 03/10/2026   CIR 005.133 L916p 2023 031348 03/10/2026 1-1 03/10/2026 Books